000 00423 a2200133 4500
245 _aatlas of Roman Britain
_hatlas
020 _a0631137912 :
700 _aJones, Barri.
700 _aMattingly, D. J.
005 20191017174236.0
260 _amau
_bBlackwell
_c1990
084 _aG1812.21.S2 J6 1990
300 _a1 atlas (vii, 341 p.) : ill., maps
_b 29 cm.
_c1 atlas (vii, 341 p.) : ill., maps ; 29 cm.
500 _aBarri Jones and David Mattingly.
999 _c11358
_d11358